L'églesia, avui / (Record no. 95328)

MARC details
000 -LEADER
campo de control de longitud fija 00616nam a2200217 i 4500
001 - NÚMERO DE CONTROL
campo de control 95328
003 - IDENTIFICADOR DE NÚMERO DE CONTROL
campo de control ES-MaACL
005 - FECHA Y HORA DE LA ÚLTIMA TRANSACCIÓN
campo de control 20260215175251.0
007 - CAMPO FIJO DE DESCRIPCIÓN FÍSICA--INFORMACIÓN GENERAL
campo de control de longitud fija t|
008 - DATOS DE LONGITUD FIJA--INFORMACIÓN GENERAL
campo de control de longitud fija 050526s1967 an ||||1| fre d
100 1# - ENTRADA PRINCIPAL--NOMBRE DE PERSONA
Nombre de persona Lyon, Jean.
9 (RLIN) 74949
245 12 - MENCIÓN DEL TÍTULO
Título L'églesia, avui /
Mención de responsabilidad, etc. Jean Lyon; [traduit del fránces per A. Tomás].
250 ## - MENCION DE EDICION
Mención de edición [1ª ed.].
260 ## - PUBLICACIÓN, DISTRIBUCIÓN, ETC.
Lugar de publicación, distribución, etc. Andorra :
Nombre del editor, distribuidor, etc. Casal i Vall,
Fecha de publicación, distribución, etc. 1967.
300 ## - DESCRIPCIÓN FÍSICA
Extensión 175 p. ;
Dimensiones 20 cm.
490 1# - MENCIÓN DE SERIE
Mención de serie Jalons ;
Designación de volumen o secuencia 5
700 0# - ENTRADA AGREGADA--NOMBRE PERSONAL
Nombre de persona Tomas, Alberto,
Títulos y otros términos asociados al nombre (O.S.B.)
9 (RLIN) 110496
830 0# - PUNTO DE ACCESO ADICIONAL DE SERIE-TÍTULO UNIFORME
Título uniforme Jalons ;
Designación de volumen o secuencia 5
9 (RLIN) 184358
852 ## - LOCALIZACIÓN
Ubicación ES-MaACL
Número de control de estantería C-31670
Sublocalización o colección R.62401
Holdings
Estatus retirado Estado de pérdida Estado de daño No para préstamo Biblioteca de origen Biblioteca actual Ubicación en estantería Fecha de adquisición Fuente de adquisición Total de préstamos Signatura topográfica completa Código de barras Visto por última vez Precio de reemplazo Tipo de ítem Koha
        Biblioteca del Ateneo de Madrid Biblioteca del Ateneo de Madrid Depósito 2 17/01/2008     C-31670 1099542 23/02/2023 23/02/2023 Libro impreso